000 01119cab a22001935a 4500
001 L148784
008 091109s2009 xxkd f 000 0 eng d
035 _a(Sirsi) u148784
041 0 _aeng
110 2 _aAsia Property
_95589
245 0 0 _aProperty advisers
_bpart two
260 _c2009
490 0 _aAsia Property
_vOctober 2009, 16-17(2)
520 _aHow CBRE, DTZ and Cushman and Wakefield are positioned in Asia is examined in Part Two of a survey of the major property advisers in the region (see also Part One L148585). CBRE is the largest property adviser in the Asia Pacific region in terms of revenues. DTZ has had the toughest time of all the global advisers over the last 18 months but its Asia Pacific business remains a jewel in its crown and is earmarked for expansion. Cushman and Wakefield is the smallest of the global players active in the region where it aims to expand. Table provides key financial data for the big seven property advisers covered in the survey.
590 _aKA
651 4 _aAsia Pacific
690 _aPROPERTY-COMMERCIAL PROPERTY-COMMERCIAL PROPERTY MARKET
942 _n0
999 _c81958
_d81958